000 00215nam a2200097Ia 4500
008 190216s9999||||xx |||||||||||||| ||und||
100 _aGovinda Menon
245 0 _aAdangal
260 _bKerala Basha Inst
942 _cBK
999 _c39252
_d39252